Wheater's functional histology / (Record no. 5198)

MARC details
000 -LEADER
fixed length control field 01485nam a22003617i 4500
003 - CONTROL NUMBER IDENTIFIER
control field URS
005 - DATE AND TIME OF LATEST TRANSACTION
control field 20220117120659.0
008 - FIXED-LENGTH DATA ELEMENTS--GENERAL INFORMATION
fixed length control field 180522b xxu||||| |||| 00| 0 eng d
020 ## - INTERNATIONAL STANDARD BOOK NUMBER
International Standard Book Number 0443046913
040 ## - CATALOGING SOURCE
Original cataloging agency DNLM/DLC
Description conventions rda
Transcribing agency URS
Modifying agency DLC
Language of cataloging eng
050 00 - LIBRARY OF CONGRESS CALL NUMBER
Classification number QM551
Item number .W47 1993
060 #0 - NATIONAL LIBRARY OF MEDICINE CALL NUMBER
Classification number QS 517 B959f 1993
100 1# - MAIN ENTRY--PERSONAL NAME
Personal name Burkitt, H. George.
245 10 - TITLE STATEMENT
Title Wheater's functional histology /
Remainder of title a text and colour atlas.-
250 ## - EDITION STATEMENT
Edition statement Third edition.-
Remainder of edition statement by H. George Burkitt, Barbara Young, John W. Heath ; drawings by Philip J. Deakin.
264 #1 - PRODUCTION, PUBLICATION, DISTRIBUTION, MANUFACTURE, AND COPYRIGHT NOTICE
Place of production, publication, distribution, manufacture Edinburgh ;
-- New York :
Name of producer, publisher, distributor, manufacturer Churchill Livingstone,
Date of production, publication, distribution, manufacture, or copyright notice [1993]
264 #4 - PRODUCTION, PUBLICATION, DISTRIBUTION, MANUFACTURE, AND COPYRIGHT NOTICE
Date of production, publication, distribution, manufacture, or copyright notice ©1993
300 ## - PHYSICAL DESCRIPTION
Extent 407 pages :
Other physical details illustrations (some col.) ;
Dimensions 25 cm
336 ## - CONTENT TYPE
Content type term text
Content type code txt
Source rdacontent
337 ## - MEDIA TYPE
Media type term unmediated
Media type code n
Source rdamedia
338 ## - CARRIER TYPE
Carrier type term volume
Carrier type code nc
Source rdacarrier
500 ## - GENERAL NOTE
General note Rev. edition of: Functional histology. 2nd edition / revised and edited by Paul R. Wheater and H. George Burkitt ; drawings by Philip J. Deakinches 1987.
500 ## - GENERAL NOTE
General note Includes index.
650 #0 - SUBJECT ADDED ENTRY--TOPICAL TERM
Topical term or geographic name entry element Histology.
650 #0 - SUBJECT ADDED ENTRY--TOPICAL TERM
Topical term or geographic name entry element Histology
General subdivision Atlases.
650 #2 - SUBJECT ADDED ENTRY--TOPICAL TERM
Topical term or geographic name entry element Histology
General subdivision atlases.
700 1# - ADDED ENTRY--PERSONAL NAME
Personal name Young, Barbara,
Titles and other words associated with a name Ph. D.
700 1# - ADDED ENTRY--PERSONAL NAME
Personal name Heath, John W.,
Titles and other words associated with a name Ph. D.
700 1# - ADDED ENTRY--PERSONAL NAME
Personal name Wheater, Paul R.
Title of a work Functional histology.
906 ## - LOCAL DATA ELEMENT F, LDF (RLIN)
a 7
b cbc
c orignew
d 1
e ocip
f 19
g y-gencatlg
942 ## - ADDED ENTRY ELEMENTS (KOHA)
Source of classification or shelving scheme Library of Congress Classification
Koha item type Foreign Books
Holdings
Withdrawn status Source of classification or shelving scheme Damaged status Not for loan Collection code Home library Current library Shelving location Date acquired Source of acquisition Total Checkouts Full call number Barcode Date last seen Price effective from Koha item type
  Library of Congress Classification     Non-fiction Antipolo College Library Antipolo College Library On Display 05/22/2018 Purchased   QM551 .W47 1993 URSANT-03063 05/22/2018 05/22/2018 Foreign Books

University of Rizal System
Email us at univlibservices@urs.edu.ph

Visit our Website www.urs.edu.ph/library